|
|
|
|
| LEADER |
00623nta a2200181 i 4500 |
| 001 |
dipl143424 |
| 005 |
20250226145350.0 |
| 008 |
241202s2004 hu om 000 hun d |
| 040 |
|
|
|a SZTE Diploma Repozitórium
|b hun
|
| 041 |
|
|
|a hun
|
| 100 |
1 |
|
|a Szabó Gábor
|
| 245 |
1 |
0 |
|a Esztergom ostromai a tizenöt éves háború alatt
|h [elektronikus dokumentum] /
|c Gábor Szabó
|
| 260 |
|
|
|c 2004
|
| 650 |
|
4 |
|a Bölcsészettudományok
|
| 650 |
|
4 |
|a Humanities
|
| 650 |
|
4 |
|a History and archaeology
|
| 700 |
0 |
1 |
|a Tóth Sándor László
|e ths
|
| 856 |
4 |
0 |
|u https://diploma.bibl.u-szeged.hu/id/eprint/143424/1/2004_szabo_gabor.pdf
|z Dokumentum-elérés
|